000 01395nam a2200361 i 4500
001 768714001
003 CO-MdFUSB
005 20251111105819.0
007 ta
008 230622t1996 -ck||||| |||| 00| | spa d
020 _a958-8217-21-0
_qX
040 _aCO-MdFUSB
_bspa
_cCO-MdFUSB
_dCO-MdFUSBC
_erda
041 _aspa
082 _223
_a241.5
_bJ83c
100 _aStowell, Joseph
_eautor
240 _aTongue in check
245 _aEl control de la lengua :
_blas palabras pueden herir las palabras pueden sanar
_c/ Joseph Stowell ; editado por Emma de Nieto ; traducido por Mario Cely
264 1 _aColombia :
_bCLC,
_c[1996]
264 4 _c©1996
300 _a190 páginas
_c; 22 cm
336 _2rdacontent
_atexto
_btxt
337 _2rdamedia
_asin mediación
_bn
338 _2rdacarrier
_avolumen
_bnc
505 _aEl valor de una palabra -- decir la verdad -- hablar maliciosamente -- el yo en nuestra bocas -- palabras de enojo -- expresiones vulgares -- hablar de corazón -- hablar con altivez para ser el numero uno -- desconectar la ira -- la paciencia aplicada -- la vida de confianza y amor -- manzanas de oro
563 _aRústico
650 0 _919
_aVida cristiana
650 0 _aConducta de vida
_920
653 _aChisme
700 _92170
_aNieto, Emma de,
_eeditor
700 _98373
_aCely, Mario
_etraductor
942 _cBK
945 _aMag1104
999 _c68972
_d68972